000 00452nam a22001817a 4500
003 MPLRDC
005 20220104123312.0
008 210129b ||||| |||| 00| 0 eng d
020 _a962-17-0256-9
082 _a830.8 BY v.20
100 _a陶逖
245 _a第四类接触
_c
260 _a
_b博益出版集团有限公司
_c1987
300 _b
490 _a博益科幻系列
650 _a中国文学总集
942 _cBK
_o830.8 BY v.20
999 _c10202
_d10192